Physical Activity Towards Health and Fitness: PATHFIT - Badminton (Record no. 88263)

MARC details
000 -LEADER
fixed length control field 00763nam a22002537a 4500
003 - CONTROL NUMBER IDENTIFIER
control field URS
005 - DATE AND TIME OF LATEST TRANSACTION
control field 20251022142530.0
008 - FIXED-LENGTH DATA ELEMENTS--GENERAL INFORMATION
fixed length control field 251006b ||||| |||| 00| 0 eng d
020 ## - INTERNATIONAL STANDARD BOOK NUMBER
International Standard Book Number 978-621-409-276-5
040 ## - CATALOGING SOURCE
Transcribing agency URS
050 ## - LIBRARY OF CONGRESS CALL NUMBER
Classification number GV1007
Item number .D37 2024
100 ## - MAIN ENTRY--PERSONAL NAME
Personal name Dela Curz, Francis Jose S.
245 ## - TITLE STATEMENT
Title Physical Activity Towards Health and Fitness: PATHFIT - Badminton
264 ## - PRODUCTION, PUBLICATION, DISTRIBUTION, MANUFACTURE, AND COPYRIGHT NOTICE
Place of production, publication, distribution, manufacture Mandaluyong City
Name of producer, publisher, distributor, manufacturer Books Atbp. Publishing Corp.
Date of production, publication, distribution, manufacture, or copyright notice ©2024
300 ## - PHYSICAL DESCRIPTION
Extent 186 pages.,:
Dimensions 25 cm.
336 ## - CONTENT TYPE
Source rdacontent
Content type term text
337 ## - MEDIA TYPE
Source rdamedia
Media type term unmediated
338 ## - CARRIER TYPE
Source rdacarrier
Carrier type term volume
650 #0 - SUBJECT ADDED ENTRY--TOPICAL TERM
Topical term or geographic name entry element Badminton (Game)
650 #0 - SUBJECT ADDED ENTRY--TOPICAL TERM
Topical term or geographic name entry element Badminton--Study and teaching.
700 ## - ADDED ENTRY--PERSONAL NAME
Personal name Daran, Danilo N.
700 1# - ADDED ENTRY--PERSONAL NAME
Personal name Solmerano, Ernesto Thaddeus M.,
942 ## - ADDED ENTRY ELEMENTS (KOHA)
Source of classification or shelving scheme Library of Congress Classification
Koha item type Filipiniana
Holdings
Withdrawn status Source of classification or shelving scheme Damaged status Not for loan Collection code Home library Current library Date acquired Total Checkouts Full call number Barcode Date last seen Copy number Price effective from Koha item type
  Library of Congress Classification     Non-fiction Morong College Library Morong College Library 10/06/2025   GV1007 .D37 2024 URSMOR-CL-30621 10/06/2025 1 10/06/2025 Filipiniana
  Library of Congress Classification     Non-fiction Morong College Library Morong College Library 10/06/2025   GV1007 .D37 2024 URSMOR-CL-30622 10/06/2025 2 10/06/2025 Filipiniana
  Library of Congress Classification     Non-fiction Morong College Library Morong College Library 10/06/2025   GV1007 .D37 2024 URSMOR-CL-30623 10/06/2025 3 10/06/2025 Filipiniana
  Library of Congress Classification     Non-fiction Morong College Library Morong College Library 10/06/2025   GV1007 .D37 2024 URSMOR-CL-30624 10/06/2025 4 10/06/2025 Filipiniana
  Library of Congress Classification     Non-fiction Morong College Library Morong College Library 10/06/2025   GV1007 .D37 2024 URSMOR-CL-30625 10/06/2025 5 10/06/2025 Filipiniana

University of Rizal System
Email us at univlibservices@urs.edu.ph

Visit our Website www.urs.edu.ph/library